Spanish Nouns: Everyday Things 12 - Statistics

General Stats
  • This quiz has been taken 26 times
    9 since last reset
  • The average score is 7 of 500
Answer Stats
Español English % Correct
Motorización Motorization
100%
Elocución Elocution
67%
Sensualidad Sensuality
67%
Verticalidad Verticality
67%
Asterisco Asterisk
33%
Billete de banco Banknote
33%
Bazuca Bazooka
33%
Eucaristía Eucharist
33%
Fatalismo Fatalism
33%
Institucionalidad Institutionality
33%
Liberalización Liberalization
33%
Naturalismo Naturalism
33%
Programación Programming
33%
Relatividad Relativity
33%
Sensualismo Sensualism
33%
Firma Signature
33%
Temporalidad Temporality
33%
Aplacamiento (also appeasement) Abatement
0%
Abyección Abjection
0%
Acacia Acacia
0%
Aceptabilidad Acceptability
0%
Acidificación (also souring) Acidification
0%
Admisibilidad Admissibility
0%
Presteza (also swiftness, promptness) Alacrity
0%
Pensión conyugal Alimony
0%
Amortización Amortization
0%
Anatema/Imprecación (also curse) Anathema
0%
Ancladero/Fondeadero/Rada Anchorage
0%
Ápice (also whit, shred, ounce, jot, lick, hint) Apex
0%
Apaciguamiento Appeasement
0%
Electrodoméstico/Aparato eléctrico Appliance
0%
Cita (also quote) Appointment
0%
Avalúo/Justipreciación/Tasación (also valuation, survey, assessment) Appraisal
0%
Aguamarina Aquamarine
0%
Armisticio Armistice
0%
Apoyabrazos/Reposabrazos Armrest
0%
Lectura de cargos/Instrucción de cargos/Formulación de cargos/Presentación ante el tribunal/Instrucción formal de cargos/Vista incoatoria/Comparecencia ante el juez Arraignment
0%
Barreno/Broca Auger
0%
Avaricia (also greed, greediness) Avarice
0%
Copia de respaldo/Copia de seguridad Backup
0%
Fuente de horno/Bandeja de hornear/Bandeja para hornear/Recipiente para hornear/Molde para hornear/Fuente para hornear/Plato para hornear (also baking pan, baking tray) Baking dish
0%
Balota/Boleta electoral/Papeleta/Papeleta de voto/Boleta (also ticket, report card) Ballot
0%
Cáscara de banana Banana peel
0%
Banderola/Pancarta/Pendón/Estandarte (also standard) Banner
0%
Chanzas Banter
0%
Basalto Basalt
0%
Batuta Baton
0%
Rodamiento (also rolling)/Cojinete/Balero Bearing
0%
Rencilla Bickering
0%
Palanquilla Billet
0%
Facturación (also invoicing, turnover, revenue, sales) Billing
0%
Bitácora (also logbook, log) Binnacle
0%
Masa amorfa Blob
0%
Bitácora electrónica/Blog Blog
0%
Cachiporra (also blackjack) Bludgeon
0%
Desenfoque/Borrón/Manchón (also spot, patch) Blur
0%
Borrosidad Blurriness
0%
Carrocería Bodywork
0%
Canto rodado Boulder
0%
Botonier/Boutonniere Boutonniere
0%
Desglose/Desmoronamiento/Descompostura Breakdown
0%
Brevedad (also briefness, shortness) Brevity
0%
Brida/Bridaje Bridle
0%
Quebrantamiento (also violation, breach, breaking, undoing, breakdown) Brokenness
0%
Calesa/Coche de caballos (also horse carriage/cart)/Silla pediátrica (also stroller) Buggy
0%
Agobio Burden
0%
Ardor (also heat, zeal, sting, fire) Burning
0%
Buje/Casquillo Bushing
0%
Busto Bust
0%
Ojal (also eyelet) Buttonhole
0%
Cadencia Cadence
0%
Calma (also calm) Calmness
0%
Bidón (also drum)/Recipiente (also container)/Bombona Canister
0%
Capitanía Captaincy
0%
Cárdigan/Rebeca/Chaqueta de punto Cardigan
0%
Datáfono/Lector de tarjeta(s) Card reader
0%
Carillón Carillon
0%
Secuestro de vehículo/Robo de vehículo (also auto theft) Carjacking
0%
Carnalidad Carnality
0%
Villancico/Villancico de Navidad/Villancico navideño Carol
0%
Cartón/Tetrabrik Carton
0%
Salvedad/Aviso preventivo Caveat
0%
Cielorraso/Cielo raso/Límite superior/Alfarje (wooden) Ceiling
0%
Celeridad Celerity
0%
Cobro (also charge, collection) Charging
0%
Chasis Chassis
0%
Cháchara/Parloteo (also chattering, chat, babble, talk) Chatter
0%
Vítor/Grito de entusiasmo/Porras Cheer
0%
Piada/Chirrido (also squeak, scrape, creak, screech, squeal) Chirp
0%
Cromo Chrome
0%
Cronograma Chronogram
0%
Cronógrafo Chronograph
0%
Porra (also baton, truncheon, cudgel) Club
0%
Terrón (also lump)/Grumo Clump
0%
Codificación Codification
0%
Compendio/Prontuario Compendium
0%
Completitud/Completud Completeness
0%
Completación Completion
0%
Compunción Compunction
0%
Computabilidad Computability
0%
Computarización Computerization
0%
Hormigonera/Mezcladora de concreto/Mezcladora de hormigón Concrete mixer
0%
Concreción (also concreteness) Concretion
0%
Acondicionamiento/Condicionamiento Conditioning
0%
Conductancia Conductance
0%
Conductibilidad Conductibility
0%
Conductividad Conductivity
0%
Conflagración Conflagration
0%
Conector/Conectador/Pieza de conexión/Racor Connector
0%
Consorcio Consortium
0%
Consumación Consummation
0%
Continencia Continence
0%
Convalecencia Convalescence
0%
Convocación/Convocatoria (also call, notice, meeting, job vacancy, invitation) Convocation
0%
Corregencia Coregency
0%
Piedra angular/Primera piedra/Pilar fundamental/Pieza fundamental/Pieza clave Cornerstone
0%
Justeza/Correctitud Correctness
0%
Corruptibilidad Corruptibility
0%
Cotonete/Copito/Hisopo/Bastoncillo de algodón/Bastoncillo para los oídos Cotton swab
0%
Contraterrorismo/Lucha antiterrorista/Antiterrorismo Counterterrorism
0%
Acoplador/Acople Coupler
0%
Oficio (also trade, profession, occupation, service, job) Craft
0%
Antojo/Ansia/Afán (also desire, lust, eagerness, urge, thirst, longing) Craving
0%
Credulidad Credulity
0%
Clientelismo/Amiguismo Cronyism
0%
Aplastamiento/Machacamiento/Estrujado Crushing
0%
Garrote (also club, truncheon) Cudgel
0%
Coraza (also armour, shield, breastplate) Cuirass
0%
Cúmulo (also cluster, heap, pile, fund, accumulation) Cumulus
0%
Cupidez Cupidity
0%
Amortiguación/Amortiguamiento (also buffering, dampening) Cushioning
0%
Alfanje Cutlass
0%
Amortiguador (also cushion, shock absorber, buffer) Damper
0%
Teléfono de datos Dataphone
0%
Diaconía Deaconry
0%
Desciframiento/Descifrado Decipherment
0%
Mazo de cartas/Baraja de cartas Deck of cards
0%
Descodificación Decoding
0%
Desencriptación Decryption
0%
Desfinanciación Defunding
0%
Democratización Democratization
0%
Trastorno mental (also mental illness, mental disorder) Derangement
0%
Irrisión/Sorna Derision
0%
Destino (also destination, fate, lot)/Hado Destiny
0%
Determinismo Determinism
0%
Diaconado Diaconate
0%
Marcación Dialing
0%
Diarquía Diarchy
0%
Dilapidación Dilapidation
0%
Desembolso Disbursement
0%
Privación del derecho al voto Disenfranchisement
0%
Desembrague/Desenganche/Liberación de un compromiso Disengagement
0%
Desaprobación (also disapproval) Disfavour
0%
Desarmonía Disharmony
0%
Unidad de disco/Lector de disco Disk drive
0%
Disensión Dissension
0%
Disenso/Disentimiento Dissent
0%
Distanciamiento/Alejamiento Distancing
0%
Distintividad/Carácter distintivo/Características distintivas Distinctiveness
0%
Diván Divan
0%
Diversificación Diversification
0%
Tarugo/Pasador (also slide) Dowel
0%
Fuerza motriz/Fuerza impulsora/Fuerza motora/Fuerza propulsora/Motor de impulso/Fuerza promotora/Motor impulsor/Instrumento motor/Fuerza principal/Factor impulsor Driving force
0%
Dueto Duet
0%
Eclosión (also hatching) Eclosion
0%
Efluente Effluent
0%
Descaro/Desfachatez (also nerve, audacity, gall) Effrontery
0%
Cáscara de huevo/Cascarón Eggshell
0%
Elipsis Ellipsis
0%
Brasa/Rescoldo/Ascua Ember
0%
Surgimiento (also rise, appearance, advent, arrival) Emergence
0%
Emocionalidad Emotionality
0%
Epigrama Epigram
0%
Epígrafe Epigraph
0%
Epístola Epistle
0%
Ecualización/Igualación/Perecuación/Equiparación (also matching) Equalization
0%
Erotización Eroticization
0%
Exacción Exaction
0%
Exhaustividad Exhaustiveness
0%
Dispendio (also expense, spending) Expenditure
0%
Extrusión Extrusion
0%
Exultación Exultation
0%
Ojete Eyelet
0%
Faccionalismo Factionalism
0%
Sino Fate
0%
Factibilidad/Practicabilidad Feasibility
0%
Helecho Fern
0%
Virola Ferrule
0%
Enemistad Feud
0%
Mentirilla/Mentirijilla Fib
0%
Feudo (also fiefdom, heartland) Fief
0%
Película fija/Tira de película Filmstrip
0%
Finalidad Finality
0%
Financiamiento/Financiación (also funding) Financing
0%
Arma de fuego Firearm
0%
Linaza (also flaxseed, linseed) Flax
0%
Tropel/Grey/Parvada/Borra Flock
0%
Tabla del suelo Floorboard
0%
Solería Flooring
0%
Tiro de la chimenea/Conducto de humos/Humero Flue
0%
Calzado Footwear
0%
Formulario Formulary
0%
Llenura Fullness
0%
Fulminación Fulmination
0%
Fungibilidad Fungibility
0%
Fungicida Fungicide
0%
Fusible/Espoleta Fuse
0%
Futilidad Futility
0%
Gárgola Gargoyle
0%
Granate Garnet
0%
Gentilidad/Gentileza (also kindness, politeness, niceness) Gentility
0%
Portaobjetos (also slide) Glass slide
0%
Orfebrería (also silversmithing) Goldsmithing
0%
Gobernabilidad Governability
0%
Bata/Vestido largo Gown
0%
Gramófono Gramophone
0%
Grimorio Grimoire
0%
Molturación/Molienda/Esmerilado/Molido/Triturado Grinding
0%
Agrupación/Agrupamiento Grouping
0%
Sierra de arco/Sierra para metales Hacksaw
0%
Peluquín/Postizo Hairpiece
0%
Cabestro/Ronzal/Dogal (also noose) Halter
0%
Puñado Handful
0%
Nocividad Harmfulness
0%
Inofensividad Harmlessness
0%
Escotilla/Portezuela/Salida del cascarón/Pasaplatos/Ventanilla (also window, counter, tab) Hatch
0%
Peligrosidad (also danger, dangerousness) Hazard
0%
Chador/Pañuelo para la cabeza/Pañoleta Headscarf
0%
Gallinero Henhouse
0%
Acebo Holly
0%
Homogeneidad Homogeneity
0%
Ululato Hoot
0%
Hospedaje (also accommodation) Hosting
0%
Aullido Howl
0%
Cacería Hunting
0%
Ilegalidad Illegality
0%
Iliquidez/Falta de liquidez Illiquidity
0%
Inmovilidad/Inmovilismo Immobility
0%
Impermanencia Impermanence
0%
Inverosimilitud/Implausibilidad Implausibility
0%
Imposta Impost
0%
Improbabilidad Improbability
0%
Incontinencia Incontinence
0%
Incorruptibilidad Incorruptibility
0%
Encaprichamiento/Apasionamiento Infatuation
0%
Informatización Informatization
0%
Inocuidad Innocuity
0%
Institucionalismo Institutionalism
0%
Intencionalidad Intentionality
0%
Interdicto/Entredicho Interdict
0%
Interdisciplinariedad Interdisciplinarity
0%
Interseccionalidad Intersectionality
0%
Entonación Intonation
0%
Introito Introit
0%
Irreverencia Irreverence
0%
Martillo neumático Jackhammer
0%
Jovialidad Joviality
0%
Laudo (also decision, ruling, arbitration award)/Fallo (also decision, failure, mistake, breakdown, malfunction) Judgement
0%
Alga parda/Algas (also algae) Kelp
0%
Botiquín Kit
0%
Etiquetado (also tagging) Labelling
0%
Alerce Larch
0%
Torno (also winch, hoist) Lathe
0%
Laurel Laurel
0%
Licitud (also legality) Lawfulness
0%
Atril/Facistol/Ambón/Pupitre (also desk) Lectern
0%
Nivelación Leveling
0%
Libación Libation
0%
Liberalidad Liberality
0%
Derecho de retención Lien
0%
Linealidad Linearity
0%
Letanía Litany
0%
Ganadería (also husbandry, cattle farming/raising) Livestock
0%
Locución (also voiceover) Locution
0%
Cuaderno de bitácora/Diario de navegación/Diario de a bordo/Libro de vuelo/Diario de vuelo/Cuaderno diario/Libro historial/Libro de registro Logbook
0%
Añoranza (also yearning) Longing
0%
Madero (also timber) Lumber
0%
Licantropía Lycanthropy
0%
Maquinabilidad Machinability
0%
Maquinación Machination
0%
Maquinaria Machinery
0%
Maquinado Machining
0%
Macrocosmo Macrocosm
0%
Apoyo principal/Elemento fundamental Mainstay
0%
Malformación Malformation
0%
Maleabilidad Malleability
0%
Mazo/Taco (also traffic jam, stud, cue, heel) Mallet
0%
Gestionabilidad/Capacidad de gestión/Capacidad de administración/Facilidad de gestión Manageability
0%
Maniobrabilidad/Manejabilidad Maneuverability
0%
Manumisión Manumission
0%
Marcaje Marking
0%
Megalomanía/Ansia de poder Megalomania
0%
Melancolía Melancholy
0%
Memorabilidad Memorability
0%
Metonimia Metonymy
0%
Microcosmo Microcosm
0%
Mimetismo Mimicry
0%
Minucias Minutiae
0%
Mal comportamiento (also bad behaviour) Misbehaviour
0%
Desgobierno Misgovernment
0%
Muérdago Mistletoe
0%
Mezclador(a)/Consola de sonido Mixer
0%
Modalidad Modality
0%
Monónimo Mononym
0%
Amarre/Amarradero/Fondeo/Atraque Mooring
0%
Línea de amarre/Línea de atraque/Cabo de amarre Mooring line
0%
Montículo/Montoncito (also heap) Mound
0%
Guardabarros Mudguard
0%
Multidisiplinariedad Multidisciplinarity
0%
Naturalidad (also ease) Naturalness
0%
Nomadismo Nomadism
0%
Inconformidad/Disconformidad/Falta de conformidad Non-conformity
0%
Notarización/Certificación por notario/Certificación notarial/Legalización notarial Notarization
0%
Empujoncito (also push)/Codazo Nudge
0%
Cáscara de nuez Nutshell
0%
Oblación Oblation
0%
Oclusión Occlusion
0%
Mente abierta/Apertura de espíritu/Mentalidad abierta/Espíritu abierto/Apertura de mente/Amplitud de miras/Actitud de apertura/Actitud receptiva/Postura flexible/Actitud abierta Open-mind
0%
Tercerización/Contratación externa Outsourcing
0%
Overoles/Guardapolvos Overalls
0%
Carro de bueyes/Carreta de bueyes Oxcart
0%
Pacificación Pacification
0%
Baraja (also deck)/Cajetilla/Jauría/Hatajo/Manada/Fardo (also bundle) Pack
0%
Candado Padlock
0%
Palidez Paleness
0%
Palíndromo Palindrome
0%
Palizada/Empalizada/Tranquera Palisade
0%
Particularidad Particularity
0%
Patronazgo/Patronato/Padrinazgo/Mecenazgo (also sponsorship) Patronage
0%
Pavimentación/Adoquinado/Asfaltado/Enlosado/Empedrado Paving
0%
Nómina/Planilla de sueldos/Nómina de pago/Nómina de sueldos/Nómina salarial/Gestión de nóminas/Pago de sueldos/Manejo de nóminas Payroll
0%
Pipí/Pis Pee
0%
Pellejo (also fur, hide) Pelt
0%
Pendencia Pendency
0%
Gallardete/Banderín Pennant
0%
Perforación (also piercing) Perforation
0%
Permisividad Permissibility
0%
Fisonomía Physiognomy
0%
Pocilga/Chiquero/Cochiquera/Porqueriza Pigpen
0%
Alfiler/Clavija (also plug, peg, jack)/Imperdible/Prendedor Pin
0%
Placa Plaque
0%
Plausibilidad Plausibility
0%
Plebiscito Plebiscite
0%
Pignoración Pledge
0%
Plenitud Plenitude
0%
Plumero/Penacho Plume
0%
Furtivismo/Caza furtiva/Caza ilegal/Pesca furtiva/Pesca ilegal/Cacería ilegal Poaching
0%
Buenos modales/Buena educación (also good manners) Politeness
0%
Pontón Pontoon
0%
Prensadura/Prensado Pressing
0%
Fijación de los precios/Tarificación Pricing
0%
Validación testamentaria/Protocolización Probate
0%
Probidad Probity
0%
Problematización Problematization
0%
Procesamiento/Tramitación Processing
0%
Procesador(a) Processor
0%
Elaboración de perfiles/Establecimiento de perfiles Profiling
0%
Prontitud (also promptness) Promptitude
0%
Utilería/Puntal Prop
0%
Prospección Prospection
0%
Proteccionismo Protectionism
0%
Purismo Purism
0%
Empuje (also thrust)/Empujón (also shove, nudge, thrust) Push
0%
Putrefacción Putrefaction
0%
Querella/Gresca/Riña/Reyerta/Refriega (also fight, brawl, fray, scuffle) Quarrel
0%
Cuarteto Quartet
0%
Aljaba/Carcaj Quiver
0%
Rifa/Sorteo (also draw, lottery, toss)/Tómbola Raffle
0%
Rapacidad Rapacity
0%
Rapidez (also speed, quickness, speediness) Rapidity
0%
Lectura Reading
0%
Reajuste (also reset) Readjustment
0%
Reaplicación Reapplication
0%
Reordenamiento Rearrangement
0%
Espejo retrovisor/Retrovisor Rear-view mirror
0%
Razonabilidad (also reasonableness) Reasonability
0%
Rebote/Repunte (also increase, upturn) Rebound
0%
Recalcitrancia Recalcitrance
0%
Recensión Recension
0%
Reconstitución Reconstitution
0%
Rectitud (also righteousness, straightness) Rectitude
0%
Redefinición Redefinition
0%
Rediseño/Replanteamiento Redesign
0%
Regionalidad Regionality
0%
Reagrupación/Reagrupamiento Regrouping
0%
Riendas Reins
0%
Relanzamiento Relaunch
0%
Remuneración (also salary, allowance, pay, wage, compensation) Remuneration
0%
Reorganización Reorganization
0%
Repertorio (also repertoire)/Acervo (also tradition) Repertory
0%
Reposo Repose
0%
Reinicialización Reset
0%
Resonador Resonator
0%
Respetabilidad Respectability
0%
Reestructuración Restructuring
0%
Readaptación (also readjustment)/Retroadaptación/Reequipamiento Retrofit
0%
Ricochet Ricochet
0%
Rodadura (also tread) Rolling
0%
Romantización Romanticization
0%
Pudrición/Podredumbre (also decay, rotting, rottenness, decomposition) Rot
0%
Rotatividad Rotativity
0%
Timón (also helm, wheel) Rudder
0%
Decisión judicial/Resolución judicial/Sentencia judicial/Disposición judicial/Fallo judicial/Fallo del tribunal (also court ruling) Ruling
0%
Premura (also haste)/Apuro (also hurry, trouble, plight, haste) Rush
0%
Escenografía Scenography
0%
Cimitarra Scimitar
0%
Salvapantallas/Protector de pantalla Screensaver
0%
Escrúpulo Scruple
0%
Sellado/Precintado Sealing
0%
Sectarismo Sectarianism
0%
Respeto por sí mismo(a)/Respeto de sí mismo(a)/Respeto por uno mismo Self-respect
0%
Valía personal Self-worth
0%
Desvergüenza (also insolence) Shamelessness
0%
Esquirla (also splinter, chip) Shard
0%
Tijeras de esquilar/Tijeras de podar/Cizallas/Podaderas Shears
0%
Vidriera/Muestrario/Escaparate (also cupboard, shop window, storefront, display window) Showcase
0%
Metralla Shrapnel
0%
Trituración Shredding
0%
Sibilancia Sibilance
0%
Señalética/Señalamientos/Cartelería Signage
0%
Señalización/Sistema de señales Signaling
0%
Simulacro Simulacrum
0%
Hundimiento Sinking
0%
Derrapaje/Derrape (also skidding) Skid
0%
Escoria Slag
0%
Almádena Sledgehammer
0%
Pequeñez Smallness
0%
Bata de trabajo/Blusón (also long/loose shirt) Smock
0%
Solemnización Solemnization
0%
Soneto Sonnet
0%
Hechicería Sorcery
0%
Plato sopero Soup bowl
0%
Plato hondo Soup plate
0%
Recuerdo (also memory, remembrance) Souvenir
0%
Vehículo espacial/Cosmonave/Astronave Spacecraft
0%
Especificidad Specificity
0%
Velocímetro/Indicador de velocidad Speedometer
0%
Botín (also booty, loot, plunder, haul, prey) Spoil
0%
Patrocinio/Apadrinamiento/Esponsorización Sponsorship
0%
Espontaneidad (also spontaneousness) Spontaneity
0%
Hoja de cálculo/Planilla/Hoja electrónica Spreadsheet
0%
Estacionamiento (also parking) Stationing
0%
Duela Stave
0%
Tacones de aguja Stilettos
0%
Quietud Stillness
0%
Estipendio Stipend
0%
Estacada Stockade
0%
Firmeza de comportamiento Straightforwardness
0%
Estratocracia Stratocracy
0%
Serpentinas/Cintas decorativas/Gallardetes/Cadenetas/Cordeles (also strings, ropes, twines) Streamers
0%
Pincelada/Brazada/Campanada (also chime) Stroke
0%
Pugna Struggle
0%
Subcontrato Subcontract
0%
Subcontratación Subcontracting
0%
Subsidencia Subsidence
0%
Sustituibilidad Substitutability
0%
Subvención Subvention
0%
Sufragio Suffrage
0%
Supercomputadora Supercomputer
0%
Chándal/Jogging/Pants/Buzo (also diver, overalls, sweatshirt, sweater, turtleneck) Sweatsuit
0%
Sistematización Systemization
0%
Cucharada (also spoonful, scoop)/Cucharada sopera Tablespoon
0%
Toma de posesión/Toma del poder Takeover
0%
Parrafada/Plática/Palique (also gab) Talk
0%
Cucharadita/Cucharilla/Cucharita Teaspoon
0%
Teriantropía Therianthropy
0%
Planilla horaria/Hoja de horas/Control de horas/Hoja de horario/Planilla de control de horas/Hoja de presencia/Hoja del horario de trabajo/Plantilla de control de horas/Plantilla horaria Timesheet
0%
Tabla de horarios Timetable
0%
Peaje Toll
0%
Trío Trio
0%
Triplicación Triplication
0%
Triplicidad Triplicity
0%
Trolebús/Trole/Vagoneta (also wagon) Trolley
0%
Tropicalidad Tropicality
0%
Mechón (also strand, streak)/Copete Tuft
0%
Túmulo (also barrow, burial mound, grave) Tumulus
0%
Volumen de negocio(s)/Volumen de ventas/Cifra de negocios/Volumen de transacciones Turnover
0%
Tuit Tweet
0%
Gorjeo (also chirp, tweet, chirping)/Trino (also song, trill, warble) Twitter
0%
Tipicidad (also typicality) Typicity
0%
Ingobernabilidad Ungovernability
0%
Infelicidad Unhappiness
0%
Ilicitud/Antijuricidad Unlawfulness
0%
Urbanidad Urbanity
0%
Usabilidad Usability
0%
Valoración/Valorización Valuation
0%
Verosimilitud Verisimilitude
0%
Vituallas/Víveres Victuals
0%
Cinta de vídeo/Videograbación/Videocinta Videotape
0%
Vitrina (also showcase, display case, display window, display cabinet) Vitrine
0%
Lavabo/Palangana/Lavamanos/Barreño Washbasin
0%
Acuarela Watercolour
0%
Calentador de agua/Calefactor de agua Water heater
0%
Llevabilidad Wearability
0%
Pesaje Weighing
0%
Ponderación (also weighing, consideration, balancing) Weighting
0%
Pabilo/Mecha (also fuse, strand, match) Wick
0%
Hoja de trabajo/Hoja de ejercicios/Papel de trabajo/Borrador de cuentas Worksheet
0%
Anhelo (also longing, desire, craving, hunger) Yearning
0%
Cénit/Cenit Zenith
0%
No matching quizzes found
Score Distribution
Percent of People with Each Score
Percentile by Number Answered
Your Score History
You have not taken this quiz since the last reset